Central Library OPAC University of Rajshahi
Normal view MARC view

Entry Uniform Title

Number of records used in: 2

001 - CONTROL NUMBER

  • control field: 17048

003 - CONTROL NUMBER IDENTIFIER

  • control field: BD-RjUL

005 - DATE AND TIME OF LATEST TRANSACTION

  • control field: 20251006113649.0

008 - FIXED-LENGTH DATA ELEMENTS

  • fixed length control field: 251006|| aca||aabn | a|a d

040 ## - CATALOGING SOURCE

  • Original cataloging agency: BD-RjUL
  • Transcribing agency: BD-RjUL

130 ## - HEADING--UNIFORM TITLE

  • Uniform title: Copyright bulletin (Paris, France : 1948)

670 ## - SOURCE DATA FOUND

  • Source citation: Work cat.: (BD-RjUL)85785: Copyright bulletin =, 1954.